| 000 | 00351 a2200133 4500 | ||
|---|---|---|---|
| 005 | 20250626151714.0 | ||
| 020 | _a0471283320 | ||
| 082 | _a658.15 DAM | ||
| 245 | _aCorporate finance: theory and practice | ||
| 250 | _a2nd Ed. | ||
| 260 |
_aNew York _bJohn Wiley & Sons,Ltd, _c2001 |
||
| 300 |
_axxvi,982p.: ill. , tables _bIndex _c25cm. |
||
| 942 |
_2ddc _cBKS |
||
| 999 |
_c5421 _d5421 |
||